000 00655nam a2200217Ii 4500
003 JO-AjNU
008 230606s9999||||xx |||||||||||||| ||und||
020 _a0-8264-5516-6
040 _aJO-AjNU
_beng
_erda
_cJO-AjNU
041 _aeng
050 1 4 _aP126.C39 2006
100 3 _aCattell,Ray تأليف,
_eauthor
_91651
245 0 3 _aAn Introduction To Mind,Consciousness And Language
250 _a1 ed
264 3 1 _aLondon:Continuum,2006
300 _a226p
336 _atext
_btxt
_2rdacontent
337 _aunmediated
_bn
_2rdamedia
338 _avolume
_bnc
_2rdacarrier
650 4 _aAn Introduction To Mind,Consciousness And Language-Language
_91652
999 _aE866
_c866
_d866